KOHA-Header-6

Netscape Navigator 3 Starter KIT (Record no. 6659)

000 -LEADER
fixed length control field 00266nam a2200109Ia 4500
100 ## - MAIN ENTRY--AUTHOR NAME
Personal name Brown, Mark R.
245 #0 - TITLE STATEMENT
Title Netscape Navigator 3 Starter KIT
260 ## - PUBLICATION, DISTRIBUTION, ETC. (IMPRINT)
Place of publication New York
Name of publisher Pearson
Year of publication 1996
300 ## - PHYSICAL DESCRIPTION
Number of Pages 509
942 ## - ADDED ENTRY ELEMENTS (KOHA)
Koha item type Books
Holdings
Withdrawn status Lost status Collection code Permanent Location Current Location Shelving location Date acquired Full call number Accession Number Koha item type
    Computer Science MAJU MAJU Shelf No.A16 2019-09-11 004.35 51 Computer Science

Powered by Koha